Movies Quiz

Random Movies or Toys Quiz
Score 0/12 Timer 04:00
1 Play Today
Movie % Correct
Transformers
96.6%
Toy Story
95.5%
Battleship
91.7%
My Little Pony: The Movie
90.6%
The Care Bears Movie
90.5%
Clue
68.7%
Mars Attacks!
63.9%
Masters of the Universe
63.6%
GI Joe: Retaliation
58.7%
Raggedy Ann & Andy: A Musical Adventure
52.9%
Dungeons & Dragons
17.5%
Kit Kittredge: An American Girl
15.2%
Remove Ads.
Support Sporcle.
Get the best of Sporcle when you Go Orange. This ad-free experience offers more features, more stats, and more fun while also helping to support Sporcle. Thank you for becoming a member.

You're not logged in!

Compare scores with friends on all Sporcle quizzes.
OR
Log In

Show Comments

Extras

Top Quizzes Today


Score Distribution

Your Account Isn't Verified!

In order to create a playlist on Sporcle, you need to verify the email address you used during registration. Go to your Sporcle Settings to finish the process.

Report this User

Report this user for behavior that violates our Community Guidelines.

Details: